Responses for show #8281 - Monday, November 16, 2020

Andy Wood game 1.

Contestants

[<< previous game]

Andy Wood, a writer originally from Ann Arbor, Michigan

Kelly Hogan, a clinical trial project manager from Laguna Hills, California

John Bussard, a Marine aviator originally from Ringoes, New Jersey (whose 1-day cash winnings total $26,200)

[next game >>]

Jeopardy! Round responses

A 20th CENTURY DECADE
(Alex: You have to ID the decade for us.)
MASKS
DAM BUILDING
IVY LEAGUE SCHOOLS
WOMEN IN MUSIC
ALL "IZE"
(Alex: Those letters will come up in that order in each correct response.)
    $200 7
the 1960s

Andy
    $200 9
the Lone Ranger

Andy
    $200 18
India

Kelly
    $200 6
Brown

John
    $200 16
Alicia Keys

John
    $200 1
politicize

John
    $400 10
the 1950s

Andy
    $400 27
Zorro

Kelly
    $400 23
the Romans

John
    $400 17
Princeton

John
    $400 19
Gloria Gaynor

Andy
    $400 2
acclimatize

John
    $600 11
the 1930s

John
    $600 28
luchadores

Andy
    $600 24
a reservoir

John
    $600 15
Dr. Seuss

Kelly
    $600 20
Tina Turner

John
    $600 3
unpasteurized

John
    $800 12
(Kelly: 1980s.)

the 1990s

KellyAndy
    $800 29
(Andy: What is The Count of Monte Cristo?)

The Man in the Iron Mask

JohnAndy
    $800 25
the Hoover Dam

Kelly
    $800 14
Yale

John
    $800 21
Shania Twain

Kelly
    $800 4
deputize

Kelly
    $1000 13
the '40s

John
    $2,000 30
The Phantom of the Opera

John
    $1000 26
Venezuela

Andy
    $1000 8
Wharton

Kelly
    $1000 22
Belinda Carlisle

John
    $1000 5
aerobicize

Andy

Scores at the first commercial break (after clue 15):

John Kelly Andy
$3,800 $1,600 $2,600

Scores at the end of the Jeopardy! Round:

John Kelly Andy
$9,800 $3,800 $3,800

Double Jeopardy! Round responses

A BUSY BODY
JEOPARDY! WORLD TOUR
ALLUSIVE TITLES
FURNITURE STUFF
FOREIGN WORDS & PHRASES
THE CELEBRITY'S BOOZE
    $400 6
the appendix

John
    $400 13
Panama

Kelly
    $400 18
(Kelly: What is Of Mice and Men?)

The Grapes of Wrath

JohnKelly
    $400 11
a pub stool

Triple Stumper
    $400 23
gratis

Andy
    $400 1
[Kelly selected the first clue as "the player at the lectern closest to [Alex's] position" "even though Kelly and Andy [were] tied at $3,800".]

Drew Barrymore

John
    $800 7
the cerebrum

Andy
    $800 14
Siberia

Andy
    $800 19
Thomas Hardy

Kelly
    $800 12
California

John
    $8,000 24
angst

Andy
    $800 2
(David) Beckham

Andy
    $1200 8
the humerus

Kelly
    $1200 15
Bangkok

John
    $1200 20
Philip Pullman

Kelly
    $1200 28
a barrister

John
    $1200 25
mangia

John
    $1200 3
Ryan Reynolds

Andy
    $1600 9
the carotid artery

Andy
    $1600 16
Saskatchewan

John
    $1600 21
(Kelly: What is Romeo and Juliet?)

Macbeth

JohnKelly
    $1600 29
a settee

Kelly
    $1600 26
schmaltz

John
    $1600 4
Justin Timberlake

Triple Stumper
    $5,000 10
cirrhosis

Andy
    $2000 17
(Andy: What is Ethiopia?)

Chad

Andy
Triple Stumper
    $2000 22
(William Butler) Yeats

Kelly
    $2000 30
(Kelly: What is an armoire?)

credenza

Kelly
Triple Stumper
    $2000 27
sang froid

John
    $2000 5
Channing Tatum

John

Scores at the end of the Double Jeopardy! Round:

John Kelly Andy
$24,200 $7,000 $20,400

[wagering suggestions for these scores]

Final Jeopardy! Round responses

18th CENTURY AMERICANS
KellyWho is George Washington?
$6,500
AndyWho is Franklin? [Andy drew a kite with string below a lightning bolt]
$6,399
JohnWho is George Washington?
$17,000
Benjamin Franklin

Final scores:

John Kelly Andy
$7,200 $500 $26,799
2nd place: $2,000 3rd place: $1,000 New champion: $26,799

Game dynamics:

Coryat scores:

John Kelly Andy
$23,200 $7,000 $10,200
27 R
(including 1 DD),
0 W
13 R,
4 W
16 R
(including 2 DDs),
2 W

Combined Coryat: $40,400

The J! Archive is created by fans, for fans. The Jeopardy! game show and all elements thereof, including but not limited to copyright and trademark thereto, are the property of Jeopardy Productions, Inc. and are protected under law. This website is not affiliated with, sponsored by, or operated by Jeopardy Productions, Inc. Join the discussion at JBoard.tv.